| 000 | 00763nam a2200181 a 4500 | ||
|---|---|---|---|
| 008 | 160510s2014 ||||||||||||||||| || u | ||
| 020 | _a9780415732956 | ||
| 050 | _aTK 5101. A1 Gra | ||
| 100 | _aGrant, August E | ||
| 245 | 1 | 0 |
_aCommunication technology update and fundamentals. (14th ed.) _cEdited by August E. Grant and Jennifer H. Meadows |
| 250 | _a14th ed. | ||
| 260 |
_aBurlington _bFocal Press _c2014 |
||
| 300 | _aviii, 312p.: ill. | ||
| 350 | _a59.95 | ||
| 650 | _aTELECOMMUNICATION--TECHNOLOGICAL INNOVATIONS | ||
| 650 | _aTELECOMMUNICATION--TECHNOLOGICAL INNOVATIONS--PERIODICALS | ||
| 995 |
_FCBU-MAIN LIBRARY (Kitwe) _I59.95 _M1 _UAVAILABLE _WMay 13, 2016 _ZMain Library Open Access Collection |
||
| 999 |
_c37933 _d37933 |
||